000 00708nam a2200253Ia 4500
003 OSt
005 20220918200332.0
006 a|||||r|||| 00| 0
007 ta
008 220917b |||||||| |||| 00| 0 eng d
024 _a88,353
037 _cTextual
040 _aARTS
_cARTS
_beng
041 _2eng
_aeng
082 _aT48aa, L1
100 _aBesterman Theodore
_97867
245 0 _aAcademic writing
_b A bibliography of bibliographics .
260 _aTotowa
_bRowman and Littlefield
_c1971
300 _a252p.
_ccm.
490 _aBesterman world bibliographies
650 _aHIGHER EDUCATION
942 _hT48aa, L1
_cTEXL
_2CC
999 _c212041
_d212041